000 00684nam a2200241 i 4500
001 bg
100 1 _aBulska, Ewa.
245 1 0 _aMetrologia chemiczna :
_bsztuka prowadzenia pomiarów /
_cEwa Bulska.
260 _aWarszawa :
_bWydawnictwo Malamut,
_c2008.
300 _a226, [1] s. :
_bil. ;
_c24 cm.
504 _aBibliogr. s. 226-[227].
650 9 _aChemia
_xpomiary
655 _aPodręczniki
020 _a9788392526926
040 _cBPK
041 _apol
044 _aPOL
080 _a54.08(07)
920 _a978-83-925269-2-6
942 _cKS
008 s pl f |000 0 pol
999 _c56071
_d56071
856 _uhttp://koha.tu.koszalin.pl/cgi-bin/koha/opac-detail.pl?biblionumber=56071
_yKatalog online BPK